000
00472 a2200133 4500
000
nam a22 7a 4500
100
_a
मीना, जयपाल
110
_a
मीना, जयपाल
245
_a
राजस्थान का मीना जातीय लोक साहित्य
250
_a
Latest edition
260
_b
बाबा पब्लिकेशन
_c
2024
264
_b
बाबा पब्लिकेशन
_c
2024
942
_c
BK
999
_c
396707
_d
396707